01011nam a2200217 a 450000100100000000500170001000800410002702000180006804000250008624501250011126000360023630000310027249000250030350000420032870000270037083000320039795201310042995201050056095201110066599900170077600004045720201002034137.0130826s2013 dr a 000 0 spa d a9789945008166 aDO-SdBNPbspacBNPHU00aCuadernos del retorno a la escritura en libertad :bantología poética /cEdicion, presentación y notas Rei Berroa. aSanto Domingo :bBúho,c2013. a291 p. :bretrs. ;c23 cm.1 aLibros de la Lunav8 aIncluye notas al pie de las páginas1 aBerroa, Rei,eed.9319 0aLibros de la Lunav8910156 00102ddc54728PDaBNPHUbBNPHUcCTd2013-08-26iLF1l0o p40457-30r2020-06-25te. 2w2020-06-25yLFPDZPréstamo en sala 0010718PDaPDbPDcCTd2013-08-26iLF1l0o p40457-10r2020-06-25w2020-06-25yLFPDZNo se presta 0010718PDaPDbPDcCTd2013-08-26iLF1l0o p40457-20r2020-06-25te. 2w2020-06-25yLFPDZNo se presta c39947d39947